| 000 | 00579cas a2200205 a 4500 | ||
|---|---|---|---|
| 005 | 20240925065210.0 | ||
| 006 | s|||p|r|||| 00| 0 | ||
| 008 | 991125s1985 mx 000 0 spa u | ||
| 022 | _a2007-0942 | ||
| 035 | _aUPN01000217102 | ||
| 040 |
_aMX-MxUPN _bspa _eaacr2 |
||
| 049 | _aREV-E | ||
| 245 | 0 | 0 |
_aEl alma pública _b: revista desdisciplinada de psicología social |
| 260 |
_aCiudad de México : _bAngélica Bautista López, _c2008- |
||
| 310 | _aSemestral | ||
| 650 | 4 |
_aPsicología social _95889 |
|
| 905 | _aRevista | ||
| 942 | _cISSUE | ||
| 999 |
_c189202 _d189202 |
||